| 000 | 00765nam a22002657a 4500 | ||
|---|---|---|---|
| 003 | CHAP | ||
| 005 | 20220329140742.0 | ||
| 008 | 971013s1984 r 00010 d | ||
| 010 | _a57070 | ||
| 011 | _a58042 | ||
| 035 | _a62197 | ||
| 040 | _cCHAP | ||
| 090 | _aFolleto 9518 | ||
| 100 | 0 | 0 |
_aSchwabe, Calvin W. _9103272 |
| 245 | _aKnot tying bridge bulding, chance taking the art of discovery | ||
| 260 |
_aDavis, Cal. : _bUniversity of California, Library, _c1984 |
||
| 300 | _a13 p. | ||
| 490 |
_aChapbook _v; 9 |
||
| 590 |
_aBATCH-UPD _b10 _c20130110 _lUCH01 _h0722 |
||
| 590 |
_aCONVERSION _b10 _c20130109 _lUCH01 _h1331 |
||
| 830 | 0 |
_aChapbook _v; 9 _921892 |
|
| 901 | _aBK | ||
| 942 | _cFOLL | ||
| 949 |
_aFolleto 9518 _bBC _cFOLL _d-133308 _eTS1 _i62197 _mD _si |
||
| 999 |
_c57070 _d57070 |
||